00639 2200241 4500001002100000005001700021008004100038035002400079040001500103082001000118090001700128100001600145245007300161250001000234260003100244300002800275500002400303650001700327700001400344850001200358990001500370990001200385YOGYA-0209000001771120090227022806.0 ind  0010-020900000017711 aYOPDYOG(B) a636.5 a636.5bCha P aCHAN,Herman aPemeliharaan dan cara pembibitan ayam petelurcHerman Chan,Zamrowi M aCet.1 aJakartabAndes Utamac1988 aviii,155hlmbilusc21cm aBibliografi:hlm.155 aAyam petelur aZamrowi M aYOPDYOG aP000030750 a30751-P